Ecuaciones para la sintonización de controladores PID utilizando funciones de costo del tipo ITm Eⁿ

Wedi'i Gadw mewn:
Manylion Llyfryddiaeth
Prif Awdur: Méndez Arias, Verny
Fformat: Llyfr
Cyhoeddwyd: [San José, Costa Rica] 2006
Pynciau:
Tagiau: Ychwanegu Tag
Dim Tagiau, Byddwch y cyntaf i dagio'r cofnod hwn!

MARC

LEADER 00000nam a2200000Ia 4500
003 009865
005 20221231144111.0
008 140114s2006 cr a 000 ||s d
040 |c cru CEDI  
090 |a TFG 5392 
100 |a Méndez Arias, Verny  |9 4246 
245 |a  Ecuaciones para la sintonización de controladores PID utilizando funciones de costo del tipo ITm Eⁿ 
260 |c 2006  |b [San José, Costa Rica] 
300 |a ix, 57 hojas; ilustraciones 
500 |a Proyecto de graduación (bachillerato en ingeniería eléctrica)--Universidad de Costa Rica. Facultad de Ingeniería. Escuela de Ingeniería Eléctrica 
650 |x CONTROLADORES PID  |x CONTROL AUTOMATICO   |x  CONTROL ELECTRONICO  |x SISTEMAS DE CONTROL DIGITAL   |9 4985 
942 |c TFG 
999 |c 16883  |d 16883